| 000 | 00393nam a22001337a 4500 | ||
|---|---|---|---|
| 082 |
_a629.28 _bDRI |
||
| 100 |
_aChrysler Corporation of Canada, _944522 |
||
| 245 | _aDriver's handbook for dodge 3 ton 4x2 160" W.B. | ||
| 260 |
_aCanada: _bChrysler Corporation of Canada, |
||
| 300 |
_a71p; _bill;: _c16cm |
||
| 526 |
_a0 _b0 _c0 _d629_280000000000000_DRI |
||
| 650 |
_aMCE _9379 |
||
| 942 |
_2ddc _cBK |
||
| 999 |
_c548288 _d548288 |
||